000 00614nam a2200253Ia 4500
001 Z_827
003 CHAP
008 220113s1962 xx 000 0 und d
010 _a163921
040 _cCHAP
082 _a636.089 W6y
100 _aWooldridge, W. R.
_9137961
245 _aEnfermedades de los animales domésticos: alimentación e higiene /
_cW. R. Wooldridge
260 _aMéxico :
_bCECSA,
_c1962
300 _a532 p.
503 _aej.1:C/E
650 _aVeterinaria
_9118987
901 _a636.089 W6Y
902 _aM
910 _a1962
942 _c1
942 _cc1
999 _c163921
_d163921